5HLuxD.jpg

KING HENRY VIII SENIOR AND PRIMARY SCHOOL LIBRARY OPAC

Wonka / (Record no. 3736)

000 -LEADER
fixed length control field 01638cam a2200337 a 4500
001 - CONTROL NUMBER
control field 2499230
003 - CONTROL NUMBER IDENTIFIER
control field OSt
005 - DATE AND TIME OF LATEST TRANSACTION
control field 20241007091035.0
008 - FIXED-LENGTH DATA ELEMENTS--GENERAL INFORMATION
fixed length control field 240603s2023 enk c 000 1 eng d
020 ## - INTERNATIONAL STANDARD BOOK NUMBER
International Standard Book Number 9780241618134
Qualifying information (pbk.)
040 ## - CATALOGING SOURCE
Original cataloging agency JJ
Language of cataloging eng
Modifying agency 桃市圖
Description conventions CCR
Transcribing agency KH8
041 0# - LANGUAGE CODE
Language code of text/sound track or separate title eng
042 ## - AUTHENTICATION CODE
Authentication code nbic
082 ## - DEWEY DECIMAL CLASSIFICATION NUMBER
Classification number FIC DAH
100 1# - MAIN ENTRY--PERSONAL NAME
Personal name Pounder, Sibéal,
Relator term author.
245 10 - TITLE STATEMENT
Title Wonka /
Statement of responsibility, etc. written by Sibéal Pounder.
260 ## - PUBLICATION, DISTRIBUTION, ETC.
Place of publication, distribution, etc. London :
Name of publisher, distributor, etc. Puffin Books,
Date of publication, distribution, etc. 2023.
300 ## - PHYSICAL DESCRIPTION
Extent 322 p. ;
Dimensions 20 cm.
500 ## - GENERAL NOTE
General note Based on the screenplay by Simon Farnaby & Paul King, inspired by Roald Dahl's Charlie and the chocolate factory.
520 ## - SUMMARY, ETC.
Summary, etc. The best things in life begin with a dream. Ever since he was child, Willy Wonka dreamed of making chocolate and sharing it with the world. As a young man, he arrives at the world-famous Galeries Gourmet, determined to change the world one delectable bite at a time. But hounded by a trio of jealous chocolatiers and tricked into a lifetime of wash-house drudgery, Willy will need a little luck and a whole lot of magic -- along with some help from a few friends -- to fulfil his destiny.
600 10 - SUBJECT ADDED ENTRY--PERSONAL NAME
Personal name Wonka, Willy
Titles and other words associated with a name (Fictitious character)
Form subdivision Juvenile fiction.
650 #0 - SUBJECT ADDED ENTRY--TOPICAL TERM
Topical term or geographic name entry element Magic
Form subdivision Juvenile fiction.
650 #0 - SUBJECT ADDED ENTRY--TOPICAL TERM
Topical term or geographic name entry element Chocolate industry
Form subdivision Juvenile fiction.
650 #0 - SUBJECT ADDED ENTRY--TOPICAL TERM
Topical term or geographic name entry element Friendship
Form subdivision Juvenile fiction.
650 #0 - SUBJECT ADDED ENTRY--TOPICAL TERM
Topical term or geographic name entry element Eccentrics and eccentricities
Form subdivision Juvenile fiction.
700 1# - ADDED ENTRY--PERSONAL NAME
Relationship information Based on (work)
Personal name Dahl, Roald.
Title of a work Charlie and the chocolate factory.
700 1# - ADDED ENTRY--PERSONAL NAME
Personal name Farnaby, Simon,
Relator term screenwriter.
700 1# - ADDED ENTRY--PERSONAL NAME
Personal name King, Paul,
Relator term writer.
730 0# - ADDED ENTRY--UNIFORM TITLE
Uniform title Wonka (Motion picture)
942 ## - ADDED ENTRY ELEMENTS (KOHA)
Source of classification or shelving scheme
Koha item type Books - Fiction
Holdings
Withdrawn status Lost status Source of classification or shelving scheme Damaged status Not for loan Collection code Permanent Location Current Location Shelving location Date acquired Total Checkouts Full call number Barcode Date last seen Date last checked out Price effective from Koha item type
          Fiction KH8 Senior School Library KH8 Senior School Library Fiction 2024-10-07 2 FIC DAH 3KHSL000102080 2025-02-13 2025-02-10 2024-10-07 Books - Fiction

Powered By KH8 IT Dept